| 000 | 02917njm a2200481Ia 4500 | ||
|---|---|---|---|
| 001 | 27477 | ||
| 003 | IT-RoPAU | ||
| 005 | 20220918181124.0 | ||
| 008 | 131025s9999 xx 000 0 und d | ||
| 040 | _aIT-RoPAU | ||
| 040 | _cIT-RoPAU | ||
| 041 | _aITALIANO | ||
| 999 |
_c100040 _d100040 |
||
| 999 | _bn.d. | ||
| 100 |
_aAA.VV. _9794 |
||
| 100 |
_eAutore musica _918191 |
||
| 100 |
_gCodice autore musica SPICS: 12000 _9796 |
||
| 245 | _aNel mondo, una cosa | ||
| 250 | _a1a ed. | ||
| 260 | _aITALIA | ||
| 260 |
_bRICORDI _c1972 [1a Ed.:1972 - Ed. Lingua Orig.: 1972] |
||
| 300 | _aDISCO | ||
| 300 | _c49 minuti (Testo: pag.) | ||
| 500 | _aCanzone italiana | ||
| 505 | _aIo straniera-Border Song (4:00) - Questo amore vero (4:00) - Amanti (5:00) - Il tuo cuore di neve-Sing e song (4:00) - Tu che sei sempre tu (5:00) - Piccolo uomo (5:00) - Donna sola (4:00) - Neve bianca (4:00) - La nave (4:00) - Madre-Mother (6:00) - Un uomo in più (4:00) - Valsinha (3:00) | ||
| 650 |
_aCANZONE ITALIAN [DISCHI] _eCodice MATERIA SPICS: 9950 _918192 |
||
| 700 |
_aMartini Mia _gCodice interprete SPICS: 11009 _eInterprete _918193 |
||
| 700 |
_aPiccoli M. _gCodice autore musica SPICS: 23938 _eAutore musica _pIo straniera-Border Song - Il tuo cuore di neve-Sing e song - Tu che sei sempre tu _918194 |
||
| 700 |
_aTaupin Bernie _gCodice autore SPICS: 22324 _eAutore _pIo straniera-Border Song _918195 |
||
| 700 |
_aJohn Elton _gCodice autore testo/musica SPICS: 10876 _eAutore testo/musica _pIo straniera-Border Song - Madre-Mother _918196 |
||
| 700 |
_aAlbertelli Luigi _gCodice autore musica SPICS: 14330 _eAutore musica _pQuesto amore vero - Amanti - Donna sola - La nave _918197 |
||
| 700 |
_aGuantini M. _gCodice autore testo/musica SPICS: 28320 _eAutore testo/musica _pQuesto amore vero _918198 |
||
| 700 |
_aFabrizio Maurizio _gCodice autore testo/musica SPICS: 13247 _eAutore testo/musica _pAmanti _918199 |
||
| 700 |
_aWright Gary _gCodice autore SPICS: 22603 _eAutore _pIl tuo cuore di neve-Sing e song _918200 |
||
| 700 |
_aLa Bionda A. _gCodice autore musica SPICS: 14187 _eAutore musica _pPiccolo uomo - Neve bianca - Un uomo in più _918201 |
||
| 700 |
_aLauzi Bruno _gCodice autore musica SPICS: 13267 _eAutore musica _pPiccolo uomo - Donna sola - Neve bianca _918202 |
||
| 700 |
_aBaldan Bembo Dario _gCodice autore testo/musica SPICS: 9846 _eAutore testo/musica _pPiccolo uomo - Donna sola - La nave - Un uomo in più _918203 |
||
| 700 |
_aLa Bionda C. _gCodice autore testo/musica SPICS: 28321 _eAutore testo/musica _pNeve bianca _918204 |
||
| 700 |
_aMartini Mia _gCodice autore musica SPICS: 11009 _eAutore musica _pMadre-Mother _918205 |
||
| 700 |
_aBuarque Chico _gCodice autore musica SPICS: 28322 _eAutore musica _pValsinha _918206 |
||
| 700 |
_aVinicius _gCodice autore SPICS: 28323 _eAutore _pValsinha _918207 |
||
| 700 |
_aBardotti Sergio _gCodice autore testo/musica SPICS: 13862 _eAutore testo/musica _pValsinha _918208 |
||
| 942 |
_cMD _2ddc |
||